| 000 | 00882nam a22002177a 4500 | ||
|---|---|---|---|
| 999 |
_c21280 _d21280 |
||
| 003 | AR-CdUCM | ||
| 008 | 190411b ||||| |||| 00| 0 spa d | ||
| 020 | _a9786124759208 | ||
| 040 |
_aMUNICIPALIDAD PROVINCIAL DEL CUSCO _cBIBLIOTECA MUNICIPAL DEL CUSCO |
||
| 082 |
_aEP/501/C52 _bC52 |
||
| 110 |
_aCrees Foundation _944455 |
||
| 245 | _aAbun, un encuentro inesperado / | ||
| 260 |
_aCusco ; _bDann'ys Graff, _c2017. |
||
| 300 |
_a60 Páginas. : _bilustraciones en color ; _c20 cm. |
||
| 505 | _aAbun es una niña con gran curiosidad por el bosque. A través de una gran aventura, llega a descubrir una nueva especie de rana, para la ciencia. Abun no sólo conoce Shihuemoy, sino que además establecen una gran amistad. | ||
| 650 |
_aHistoria infantil _931275 |
||
| 700 |
_aArévalo, Carlos _927906 |
||
| 700 |
_aKaufman, Emma _944456 |
||
| 942 |
_2ddc _cLIBROS |
||
| 945 | _aRoel | ||